| 000 | 00588nam a2200205 u 4500 | ||
|---|---|---|---|
| 005 | 20220818091624.0 | ||
| 008 | 130812s2004 r 000 0 eng d | ||
| 020 | _a9586925129 | ||
| 035 | _aUPN01000192143 | ||
| 049 | _aCG | ||
| 050 | 4 |
_aHV675.72 _bM3.7 |
|
| 100 | 1 |
_aMaecha Parra, Nancy _929055 |
|
| 245 | 1 | 0 |
_aSeguridad infantil dentro y fuera del hogar / _cNancy Mahecha Parra. |
| 260 |
_aBogotá : _bSan Pablo, _c2005. |
||
| 300 |
_a254 p. : _bil. |
||
| 440 | 0 | _aSalud integral | |
| 650 | 7 |
_aAccidentes infantiles _xPrevención _2 _917447 |
|
| 905 | _aLibro | ||
| 999 |
_c164246 _d164246 |
||